01168 2200325 4500035002000000001002100020005001800041006001900059007000300078008004100081856005900122020001900181040002000200082002000220084001800240090001800258100002300276245004200299260004000341300003200381440002800413504002800441650002800469659000900497850001300506900003000519902024600549990002200795990002500817 a0010-0122001555INLIS00000000001048220070504140528.28a g b 000 0 ta070504s2006 nyu g b 000 0 ind  y http://opac.perpusnas.go.id/DetailOpac.aspx?id=500705 a 0-07-146664-9 a JKPNPNA b ind042 [22]a 658.85  a 658.85 SUG i a 658.85 SUG i1 a Sugars, Bradley J10a Instant sales / c Bradley J. Sugars a New York : b McGraw-Hill, c 2006 a xvii, 179 hlm. ; c 23 cm. 0a Instant success series a Bibliografi : hlm. 159 4a Penjualan x Manajemen a LNR a JKPNPNA a 00755nbm**2200012*a*4500 a 130543909:28-APR-08*130543909:28-APR-08*130543909:29-APR-08*130543909:29-APR-08*130543909:29-APR-08*130543909:29-APR-08*131917537:05-MAY-08*131917537:05-MAY-08*131917537:05-MAY-08*131917537:05-MAY-08*131917537:05-MAY-08*131917537:05-MAY-08* a 28232/PN-LT/2007 a 0775/PN/2008 b [1]